00317nam a2200121Ia 4500008004100000041000800041082001400049100001500063245004500078260003200123300002900155365001100184240624s9999 xx 000 0 und d aeng a153.3 ADA aADAIR JOHN aART OF CREATIVE THINKING HOW TO BE INNOV c2009aNew DelhibKogan Page ax, : 133 : p. : cm. ; 21 cRSb33